000
00262nam a2200097Ia 4500
001
833730
005
20250826172420.0
008
250824s9999 xx 000 0 und d
245
0
_a
İMDAT İŞLER KARIŞTI
_c
MÜGE DEĞİRMENCİ
260
_b
ÇOCUK GEZEGENİ YAYINLARI
999
_c
833730
_d
833730